000 00287nam a2200121Ia 4500
008 191201s2018 xx 000 0 und d
100 _aGILL, P S
245 0 _aEngineering Graphics and Drafting
260 _bS.K Kataria
_c2018
300 _a830
650 _aB.Tech(ME)
942 _2ddc
_cBK
999 _c6849
_d6849